| LEADER 00000nam 2200000uu 4500 |
| 001 13399110426 |
| 003 BCNR |
| 008 110210s2552||||th 000 0 tha d |
| 020 9789749922811
|
| 060 04 WC536^bย113จ 2552
|
| 100 0 ยง ภู่วรวรรณ
|
| 245 10 จับเข่าคุยกันเรื่องไวรัสตับอักเสบบี :^bภัยเงียบที่ป้องกันและรักษาได้ /^cโดย ยง ภู่วรวรรณ, ปิยะวัฒน์ โกมลมิศร์
|
| 250 พิมพ์ครั้งที่ 2
|
| 260 กรุงเทพฯ :^bศูนย์โรคตับและปลูกถ่ายตับ โรงพยาบาลจุฬาลงกรณ์,^c2552
|
| 300 0214 หน้า :^bภาพประกอบ ;^c21 ซม.
|
| 650 7 ไวรัสตับอักเสบบี^xการป้องกันและควบคุม
|
| 650 7 ไวรัสตับอักเสบบี^xการรักษา
|
| 650 7 ตับอักเสบบี, ไวรัส^xการป้องกันและควบคุม
|
| 650 7 ตับอักเสบบี, ไวรัส^x^xการรักษา
|
| 700 0 ปิยะวัฒน์ โกมลมิศร์
|
| 999 ^aบรรณารักษ์
|